000
00211 a2200097 4500
001
28564
100
_a
Fazal-I-Husain
245
_a
Physical Chemistry
260
_a
_b
Ilmi Kitab Khana
_c
090
_c
19129
_d
19129
942
_a
NUST-CAE
_c
M
_c
10146
999
_c
263637
_d
263637